| 000 -ლიდერი |
| ფიქსირებული სიგრძის საკონტროლო ველი |
00962nam a2200205Ia 4500 |
| 001 - საკონტროლო ნომერი |
| საკონტროლო ველი |
7402 |
| 003 - საკონტროლო ნომრის იდენტიფიკატორი |
| საკონტროლო ველი |
GE_BSU |
| 005 - ბოლო ოპერაციის თარიღი და დრო |
| საკონტროლო ველი |
20231124151045.0 |
| 008 - ფიქსირებული სიგრძის მონაცემთა ელემენტები - ზოგადი ინფორმაცია |
| ფიქსირებული სიგრძის საკონტროლო ველი |
181216s1960||||ge |||||||||||||| ||geo|| |
| 040 ## - კატალოგიზაციის წყარო |
| Transcribing agency |
GE_BSU |
| 041 ## - ენის კოდი |
| Language code of text/sound track or separate title |
geo |
| 080 ## - უნივერსალური ათობითი კლასიფიკაციის ინდექსი |
| Universal Decimal Classification number |
821.353.1-1 ი-35 |
| 100 ## - მთავარი ჩანაწერი - პიროვნების სახელი |
| Personal name |
იეთიმ- გურჯი, (იეთიმ დაბღიშვილი) |
| 9 (RLIN) |
20471 |
| 245 ## - ცნობა სათაურის შესახებ |
| Title |
რჩეული ლექსები / |
| Statement of responsibility, etc |
იეთიმ- გურჯი, (იეთიმ დაბღიშვილი) ; რედ. ი. გრიშაშვილი ; წიგნი შეადგინა ა. ბარნოვმა. |
| 264 ## - წარმოების, გამოცემის, დისტრიბუციის და სხვა ცნობები |
| გამოცემის, წარმოების, დისტრიბუციის... ადგილი |
თბილისი : |
| გამოცემის, წარმოების, დისტრიბუციის... სახელწოდება |
საბჭ. მწერალი, |
| გამოცემის, წარმოების, დისტრიბუციის... თარიღი |
1960. |
| 300 ## - ფიზიკური აღწერა |
| Extent |
155 გვ. ; |
| Other physical details |
ფოტო გარეკანზე, |
| Dimensions |
16 სმ. |
| 653 ## - INDEX TERM--UNCONTROLLED |
| Uncontrolled term |
რჩეული ლექსები |
| 700 ## - ADDED ENTRY--PERSONAL NAME |
| Personal name |
გრიშაშვილი, ი. |
| Relator term |
რედაქტორი |
| 9 (RLIN) |
4937 |
| 942 ## - ADDED ENTRY ELEMENTS (KOHA) |
| Koha item type |
წიგნი |
| Source of classification or shelving scheme |
|